[Event "Muensterland Verbandsklasse-B 0405"]
[Site "Muensterland"]
[Date "2005.03.19"]
[Round "8.7"]
[White "Voss, Norbert"]
[Black "Simon, Roland"]
[Result "0-1"]
[WhiteElo "1850"]
[BlackElo "1811"]
[PlyCount "98"]
[EventDate "2004.09.11"]
[EventType "team"]
[EventRounds "9"]
[EventCountry "GER"]
[SourceTitle "EXT 2006"]
[Source "ChessBase"]
[SourceDate "2005.11.24"]
[SourceVersion "1"]
[SourceVersionDate "2005.11.24"]
[SourceQuality "1"]
[WhiteTeam "Muenster IV"]
[BlackTeam "Duelmen"]
[WhiteTeamCountry "GER"]
[BlackTeamCountry "GER"]

1. Nc3 e5 2. Nf3 Nc6 3. d4 exd4 4. Nxd4 d6 5. g3 Bd7 6. Bg2 Nf6 7. 0-0 g6 8. h3 Bg7 9. e4 0-0 10. Be3 Nxd4 11. Bxd4 Bc6 12. Qd2 Ne8 13. f4 f5 14. Rae1 Qd7 15. Bxg7 Nxg7 16. e5 Bxg2 17. Kxg2 c6 18. exd6 Rae8 19. Na4 b6 20. c4 Rf6 21. c5 bxc5 22. Nxc5 Rxd6 23. Rxe8+ Nxe8 24. Qe3 Qf7 25. Qb3 Nf6 26. Qxf7+ Kxf7 27. Rf2 Rd5 28. Rc2 Ke7 29. Kf3 Kd6 30. Nb7+ Kc7 31. Nc5 Kb6 32. b4 a5 33. a3 axb4 34. axb4 Kb5 35. Rb2 Rd4 36. Nb7 Rxb4 37. Nd6+ Kc5 38. Nb7+ Kc4 39. Nd6+ Kc3 40. Ra2 c5 41. Nf7 Kb3 42. Ra6 Ne4 43. Ne5 c4 44. g4 c3 45. gxf5 gxf5 46. Rh6 c2 47. Rc6 Nd2+ 48. Ke2 Rc4 49. Rb6+ Kc3 0-1

[Event "Muensterland Verbandsklasse-B 0405"]
[Site "Muensterland"]
[Date "2004.10.02"]
[Round "2.7"]
[White "Hoeggemann, Horst"]
[Black "Simon, Roland"]
[Result "0-1"]
[WhiteElo "1572"]
[BlackElo "1811"]
[PlyCount "80"]
[EventDate "2004.09.11"]
[EventType "team"]
[EventRounds "9"]
[EventCountry "GER"]
[SourceTitle "EXT 2006"]
[Source "ChessBase"]
[SourceDate "2005.11.24"]
[SourceVersion "1"]
[SourceVersionDate "2005.11.24"]
[SourceQuality "1"]
[WhiteTeam "Westbevern II"]
[BlackTeam "Duelmen"]
[WhiteTeamCountry "GER"]
[BlackTeamCountry "GER"]

1. e4 c6 2. d4 d5 3. e5 h5 4. Be2 g6 5. Nd2 Nh6 6. Nb3 Bg7 7. f4 Nf5 8. Qd3 h4 9. Bd2 e6 10. 0-0-0 Nd7 11. Nf3 b6 12. Ng5 a5 13. g4 hxg3 14. hxg3 Rxh1 15. Rxh1 Ba6 16. Qf3 Bxe2 17. Qxe2 Nxg3 18. Qh2 Nxh1 19. Qxh1 Ke7 20. Kb1 Qh8 21. Qe1 Qh5 22. a3 Bh6 23. Qe3 Bxg5 24. fxg5 Qh1+ 25. Ka2 Qf1 26. Nc1 Qc4+ 27. Kb1 c5 28. dxc5 Qxc5 29. Qe1 Rc8 30. c3 Qc4 31. Qe3 Qe4+ 32. Nd3 Rh8 33. Kc2 Rh2 34. Qg3 Rg2 35. Qe1 Re2 36. Qg3 Nc5 37. Qh3 Rg2 38. b4 Qe2 39. Nxc5 Qxd2+ 40. Kb3 Qc2# 0-1